| 000 | 00448nam a22001697a 4500 | ||
|---|---|---|---|
| 005 | 20180808154657.0 | ||
| 008 | 160514b xxu||||| |||| 00| 0 eng d | ||
| 020 | _a9788125907817 | ||
| 041 | _aeng | ||
| 082 |
_b2276 _a658.3 |
||
| 100 |
_aGhosh, Biswanath _9728 |
||
| 245 | _aHuman Resources Development and Management | ||
| 260 |
_aNew Delhi _bVikas Publishing House (P) Ltd. _c2009 |
||
| 300 | _a351p, | ||
| 650 |
_aManagement _9241 |
||
| 942 | _cBK | ||
| 999 |
_c833 _d833 |
||